000 004700000a22001690004500
003 LK-CoMWRAF
008 230817t ||||| |||| 00| 0 eng d
040 _aLK-CoMWRAF
_dLK-CoMWRAF
_eLK-CoMWRAF
041 _aeng
082 _a470
_bWAT
100 _aWaterman, Peter
245 _aFor the liberation of internationalism: A long march through the literatures
_b
260 _aNetherland
_bISS
_c1998
300 _ap.71
650 _adevelopment & economics
942 _cBK
999 _c3029
_d3029